000 00803cab a2200229 4500
001 WB3222-22
008 090401t1996 xxu||||| |||| 00| 0 eng d
035 _a(Sirsi) u20785
041 _aeng
245 _aFew mod cons for rental investment
260 _c1996
350 _a0
490 _aFinancial Times
_vInvestment trusts 1/2 June 1996, 10
490 _aTimes
_v4 June 1996, 29(2)
520 _aThe provision within the Finance Act 1996 for creating housing investment trusts aims to encourage investment in the private rented housing market. Looks at likely returns.
650 _aFINANCE ACT 1996
650 _aHOUSING INVESTMENT TRUSTS
650 _aPRIVATE RENTED SECTOR
690 _aPROPERTY-RESIDENTIAL PROPERTY-RESIDENTIAL PROPERTY MARKET
942 _n0
948 _c04/03/1997
999 _c13929
_d13929